01467 a2200217 45000010006000000050017000060080041000230030015000640400040000790800058001192450069001770200022002462640043002683000019003115050722003300410008010521000028010606500034010888560095011226500032012175930420260407155847.0260407a2023 arg spa dAR-UNSa-BCEJYS aAR-UNSa-BCEJYSbspacAR-UNSa-BCEJYS a657(083)xResoluciones Técnicas Contables. Informes10aNorma unificada argentinapNUA. Primea parte RT 54. Contabilidad a978-987-716-170-0 1aBuenos Aires :bOsmar D. Buyattic2023 a279 p.c22 cm. a1. El proyecto Nº 45, antecedente base de la norma unificada de contabilidad - 2. Las cuestiones de aplicación general: base conceptual de la resolución técnica n° 54 – 3. Procedimientos contables de aplicación general contemplados en la RT n° 54 – 4. Reconocimiento, medición y presentación de partidas del activo – 5. Reconocimiento, medición y presentación de partidas del pasivo – 6. Reconocimiento, medición y presentación de partidas del patrimonio neto – 7. Normas generales de presentación – 8. Normas para la aplicación inicial de la introducción y la primera parte de la resolución técnica n° 54 – 9. Aplicación práctica de normas contenidas en la RT 54  aspa1 aTorres, Carlos Federico aRESOLUCIÓN TÉCNICA Nº 5441uhttps://biblioeco.unsa.edu.ar/pmb/images/libros/L129053.jpgyImagen de portadaqimage/jpeg a resolucion tecnica nº 54